000 00536nam a2200169 i 4500
001 65007
003 ES-MaACL
005 20230906165258.0
007 t|
008 040108s1963 sp ||||1| spa d
100 1 _aFraguas Saavedra, Antonio.
_952094
245 1 0 _aMemorias de un Ford T.O.
_b: los nietos de Dios /
_cAntonio Fraguas Saavedra ; sobrecubierta y viƱetas de Esplandiu.
260 _aMadrid :
_b[s.n.],
_c1963.
300 _a204 p. ;
_c21 cm.
700 1 _aEsplandiu, Juan.
_947932
852 _aES-MaACL
_jC-25970
_bR.54314
999 _c65007
_d65007